000
00279nam a2200109Ia 4500
008
231106s2020 xx 000 0 und d
041
_a
eng
100
_a
GIOVANNI CIVARDI
245
_a
MAKING SENSE OF ISLAMIC ART & ARCHITECHURE
260
_b
SEARCH PRESS
_c
2020
300
_a
P-440
999
_c
920225
_d
920225